Großstädte, die Berlin am nächsten liegen. - Statistiken

Allgemein
  • Dieses Quiz wurde 171 mal gespielt
    118 seit der letzten Aktualisierung
  • Das Durchschnittsergebnis liegt bei 19 aus 30
Antwortstatistiken
Land km Großstadt % Korrekt
Deutschland 27 Potsdam
98%
Deutschland 165 Dresden
96%
Deutschland 150 Leipzig
95%
Deutschland 256 Hamburg
91%
Deutschland 250 Hannover
91%
Deutschland 128 Magdeburg
89%
Deutschland 200 Rostock
86%
Tschechien 280 Prag
85%
Deutschland 238 Erfurt
83%
Deutschland 198 Braunschweig
81%
Deutschland 152 Halle
79%
Deutschland 295 Kiel
78%
Deutschland 191 Chemnitz
74%
Deutschland 217 Jena
73%
Deutschland 178 Wolfsburg
73%
Polen 125 Szczecin
72%
Deutschland 315 Bremen
70%
Deutschland 235 Lübeck
69%
Deutschland 300 Kassel
62%
Polen 294 Wrocław
55%
Deutschland 262 Göttingen
52%
Polen 238 Poznan
51%
Tschechien 305 Pilsen
46%
Deutschland 239 Hildesheim
45%
Deutschland 208 Salzgitter
37%
Polen 126 Gorzów-Wielkopolski
16%
Tschechien 226 Liberec
16%
Polen 157 Zielona Góra
9%
Polen 261 Koszalin
0%
Polen 278 Wałbrzych
0%
Keine übereinstimmenden Quizze gefunden
Verteilung der Resultate
Anzahl Personen mit jedem Resultat
Perzentil nach korrekt beantworteten Fragen
Ihre Resultats-Entwicklung
Sie haben dieses Quiz seit der letzten Aktualisierung nicht gespielt